000 00286nam a22001217a 4500
041 _aENG
100 _aBhattacharjee.S.K
245 _aLandscape Gardening And Design With Plants
260 _aJaipur,
_bAavishkar Pub;is
_c2004
300 _a512
650 _aIDE
856 _uIDE ( 05 )
999 _c1521
_d1521